000
00224 a2200097 4500
001
13607
100
_a
Quigley H S
245
_a
Controls for outer space
260
_a
New York
_b
Colombia University
_c
090
_c
10605
_d
10605
942
_a
NUST-CAE
_c
M
_c
676
999
_c
248680
_d
248680